000 00830cam a2200241 a 4500
001 2506621
005 20180302045456.0
008 921230s1993 inua b s001 0 eng
010 _a 92047411
020 _a0253360986 (alk. paper)
020 _a0253208300 (pbk. : alk. paper)
040 _aDLC
_cDLC
_dDLC
041 _aeng
080 _a305.4201 TUA
082 0 0 _a305.4201 TUA
_220
100 1 _a50
101 _aSOC
245 1 4 _aThe less noble sex :
_cNancy Tuana.
504 _aIncludes bibliographical references (p. [192]-219) and index.
906 _a7
_bcbc
_corignew
_d1
_eocip
_f19
_gy-gencatlg
942 _2ddc
_cBK
999 _c43994
_d43994